The dynamics of Indo-Soviet economic relations : (Record no. 126944)

MARC details
000 -LEADER
fixed length control field 00727nam a22002297a 4500
005 - DATE AND TIME OF LATEST TRANSACTION
control field 20170124110017.0
010 ## - LIBRARY OF CONGRESS CONTROL NUMBER
LC control number A-424674
020 ## - INTERNATIONAL STANDARD BOOK NUMBER
International Standard Book Number 8185126384
Terms of availability 120.00
035 ## - SYSTEM CONTROL NUMBER
System control number A-424674
037 ## - SOURCE OF ACQUISITION
Source of stock number/acquisition Cen Lib/Ret
040 ## - CATALOGING SOURCE
Original cataloging agency DPL
Language of cataloging EN
082 ## - DEWEY DECIMAL CLASSIFICATION NUMBER
Classification number 337.54047
Item number PUN
100 ## - MAIN ENTRY--PERSONAL NAME
Personal name Punia, Narendra Kumar
9 (RLIN) 88859
245 ## - TITLE STATEMENT
Title The dynamics of Indo-Soviet economic relations :
Remainder of title 1953-1990 /
Statement of responsibility, etc by Narendra Kumar Punia
260 ## - PUBLICATION, DISTRIBUTION, ETC. (IMPRINT)
Place of publication, distribution, etc Meerut
Name of publisher, distributor, etc Anu Books
Date of publication, distribution, etc 1990
270 ## - ADDRESS
Address Sivaji Road
City Meerut
300 ## - PHYSICAL DESCRIPTION
Extent viii,218p. :
Other physical details ill.
Dimensions 20cm(Hb)
500 ## - GENERAL NOTE
General note Includes bibliographical references.
650 ## - SUBJECT ADDED ENTRY--TOPICAL TERM
Topical term or geographic name as entry element Economic relations
9 (RLIN) 7449
650 ## - SUBJECT ADDED ENTRY--TOPICAL TERM
Topical term or geographic name as entry element Indo-soviet relation
9 (RLIN) 88860
942 ## - ADDED ENTRY ELEMENTS (KOHA)
Source of classification or shelving scheme Dewey Decimal Classification
Koha item type English Books
Classification part 337.54047
Call number suffix PUN
Holdings
Withdrawn status Lost status Damaged status Not for loan Home library Current library Date acquired Source of acquisition Cost, normal purchase price Total Checkouts Full call number Barcode Date last seen Copy number Cost, replacement price Price effective from Koha item type Public note
Written off       Central Library Central Library 27/06/2015 Cen Lib/Ret 120.00   337.54047 PUN A-424674 27/06/2015 1 120.00 27/06/2015 English Books Written off on approval by DLB (By Circulation); dtd 15-06-2023

© Delhi Public Library
Hit Counter
free hit counter